| Registos Bibliográficos associados ao registo de autoridade |
|
Etiqueta de registo: 00230nam 2200025 450 001 2132378 003 http://id.bnportugal.gov.pt/bib/catbnp/2132378 010 ## $a978-989-53986-3-8 021 ## $aPT$b513343/23 100 ## $a20230523d2023 m y0pory01030103ba 101 0# $apor 102 ## $aPT 105 ## $aa z 000yy 106 ## $ar 200 1# $aDesafios à gestão de pessoas$etempo de reorganizar$fcoord. Carla Gomes da Costa, Albino Lopes 205 ## $a1ª ed 210 #9 $aCoimbra$cEditora D'Ideias,$dD.L. 2023 215 ## $a207 p.$cil.$d23 cm 225 2# $aPessoas 675 ## $a005.95/.96"2021/2022"(042)$vBN$zpor$31883318 675 ## $a658.3"2021/2022"(042)$vBN$zpor$31883319 702 #1 $aCosta,$bCarla Gomes da$4340$31882967 702 #1 $aLopes,$bAlbino,$f1946-$4340$359355 801 #0 $aPT$bBN$gRPC 856 41 $uhttp://rnod.bnportugal.gov.pt/ImagesBN/winlibimg.aspx?skey=&doc=2132378&img=179207&save=true 900 ## $aBIBNAC$d20230606 966 ## $lBN$mFGMON$sP. 62648 V.$x1 966 ## $lBN$mFGMON$sP. 62648 V.-D$x1 971 ## $corlando$d20230523 972 ## $e0$z0$d20230606$vasantos 973 ## $cmlsousa$d20230526
Etiqueta de registo: 00230nam 2200025 450 001 2142323 003 http://id.bnportugal.gov.pt/bib/catbnp/2142323 100 ## $a20230904d2023 k y0pory01030103ba 101 0# $apor$ceng 102 ## $aPT 105 ## $aa m 000yy 106 ## $ar 200 1# $a A diferenciação do candidato na era digital$eproposta de uma estrutura baseada nas competências comportamentais e humanas$fAna Margarida Partidário Pereira Correia$fCarla Gomes Costa, Tawfiq Rkibi 210 #9 $a[S.l.$cs.n.],$d2023 215 ## $a245 p.$cil.$d30 cm 328 #0 $bTese dout. em Gestão de Recursos Humanos, Faculdade de Ciências Sociais e Tecnologia,
Universidade Europeia, 2023 675 ## $a005.33(043)$vBN$zpor$31961507 700 #1 $aCorreia,$bAna Margarida Partidário Pereira $31892563 702 #1 $aCosta,$bCarla Gomes da$4727$31882967 702 #1 $aTawfiq,$bRkibi$4727$31824771 801 #0 $aPT$bBN$gRPC 966 ## $lBN$mFGMON$sP. 64250 V.$x1 971 ## $ccsilva$d20230904 972 ## $e0$z0$d20231020$viquintas 973 ## $cigoulao$d20231018
Etiqueta de registo: 00254nam 2200025 450 001 2284309 003 http://id.bnportugal.gov.pt/bib/catbnp/2284309 100 ## $a20260414d2025 k y0pory01030103ba 101 0# $aeng$dpor 102 ## $aPT 105 ## $aa z 000yy 106 ## $ar 200 1# $aFrom purpose to action$ehow purpose-driven leadership drives performance$fMarco André Ferreira Ribeiro$gorient. Carla Gomes da Costa, Filipe R. Ramos 210 #9 $aLisboa$c[s.n.],$d2025 215 ## $a[4], XVII, 264 p.$d30 cm 328 #1 $aTese dout. Gestão, Faculdade de Ciências Sociais e Tecnologia da Universidade Europeia,
2026 675 ## $a005.58(043)$vBN$zpor$31243527 675 ## $a005.32/.33(043)$vBN$zpor$31252522 700 #1 $aRibeiro,$bMarco André Ferreira$31995601 702 #1 $aCosta,$bCarla Gomes da$4727$31882967 702 #1 $aRamos,$bFilipe R.$4727$31995602 801 #0 $aPT$bBN$gRPC 966 ## $lBN$mFGMON$sP. 72592 V.$x1 971 ## $cisantos$d20260414 973 ## $cigoulao$d20260421
|
|
|